Operations research/ (Record no. 89074)

MARC details
000 -LEADER
fixed length control field 00879nam a22002657a 4500
010 ## - LCCN (DPL NO)
LC control number BAC-EN21 ENG-111728
020 ## - INTERNATIONAL STANDARD BOOK NUMBER
International Standard Book Number 9788121902816
Terms of availability 760.00
020 ## - INTERNATIONAL STANDARD BOOK NUMBER
International Standard Book Number 8121902819
Terms of availability 760.00
035 ## - SYSTEM CONTROL NUMBER
System control number EN-95260
035 ## - SYSTEM CONTROL NUMBER
System control number B-592153-173
037 ## - SOURCE OF ACQUISITION
Source of stock number/acquisition UBH/Ven
Stock number dpl
037 ## - SOURCE OF ACQUISITION
Source of stock number/acquisition DBAD/PUB
082 ## - DEWEY DECIMAL CLASSIFICATION NUMBER
Classification number 003
100 ## - MAIN ENTRY--PERSONAL NAME
Personal name Gupta, Prem Kumar
245 ## - TITLE STATEMENT
Title Operations research/
Statement of responsibility, etc by Prem Kumar Gupta [and] D.S. Hira
250 ## - EDITION STATEMENT
Edition statement rev. ed.
260 ## - PUBLICATION, DISTRIBUTION, ETC. (IMPRINT)
Place of publication, distribution, etc New Delhi
Name of publisher, distributor, etc S. Chand
Date of publication, distribution, etc 2014(repr.)
270 ## - ADDRESS
Address 7361, Ram Nagar,
City New Delhi
Postal code 110055
300 ## - PHYSICAL DESCRIPTION
Extent xii,1498p. :
Dimensions 24cm(pbk)
Other physical details ill.
500 ## - GENERAL NOTE
General note Includes bibliographical references and index
500 ## - GENERAL NOTE
General note Supply received revised price Rs. 850.00
700 ## - ADDED ENTRY--PERSONAL NAME
Personal name Hira, D.S.
942 ## - ADDED ENTRY ELEMENTS (KOHA)
Source of classification or shelving scheme Dewey Decimal Classification
Item type English Books
Call number suffix GUP
Classification part 003
Holdings
Withdrawn status Lost status Not for loan Collection code Home library Current library Date acquired Source of acquisition Cost, normal purchase price Full call number Barcode Copy number Cost, replacement price Koha item type
      Non-fiction Andrews Gunj Andrews Gunj 04/03/2015 UBH/249/15.01.2015/190/08.12.2014/06.02.2015 850.00 003 GUP B-592165 1 850.00 English Books
      Non-fiction Bawana Bawana 04/03/2015 UBH/249/15.01.2015/190/08.12.2014/06.02.2015 850.00 003 GUP B-592171 1 850.00 English Books
      Non-fiction Central Jail Tihar Central Jail Tihar 04/03/2015 UBH/249/15.01.2015/190/08.12.2014/06.02.2015 850.00 003 GUP B-592161 1 850.00 English Books
      Non-fiction Central Library Central Library 04/03/2015 UBH/249/15.01.2015/190/08.12.2014/06.02.2015 850.00 003 GUP B-592153 2 850.00 English Books
      Non-fiction Central Library Central Library 04/03/2015 UBH/249/15.01.2015/190/08.12.2014/06.02.2015 850.00 003 GUP B-592154 2 850.00 English Books
    Not For Loan Reference Central Library Central Library 04/03/2015 UBH/249/15.01.2015/190/08.12.2014/06.02.2015 850.00 003 GUP B-592155 1 850.00 English Books
    Not For Loan Non-fiction D.B.Act.Division D.B.Act.Division 21/01/2015 DBAD/PUB 760.00 003 GUP EN-95260 1 760.00 English Books
      Non-fiction Diz Area Diz Area 04/03/2015 UBH/249/15.01.2015/190/08.12.2014/06.02.2015 850.00 003 GUP B-592162 1 850.00 English Books
      Non-fiction Janak Puri Janak Puri 04/03/2015 UBH/249/15.01.2015/190/08.12.2014/06.02.2015 850.00 003 GUP B-592163 1 850.00 English Books
      Non-fiction Karol Bagh Karol Bagh 04/03/2015 UBH/249/15.01.2015/190/08.12.2014/06.02.2015 850.00 003 GUP B-592169 1 850.00 English Books
      Non-fiction Kasturba Gandhi Marg Kasturba Gandhi Marg 04/03/2015 UBH/249/15.01.2015/190/08.12.2014/06.02.2015 850.00 003 GUP B-592158 1 850.00 English Books
  Written-off vide DLB M. No. 383 dt 16.05.19   Non-fiction Narela Narela 04/03/2015 UBH/249/15.01.2015/190/08.12.2014/06.02.2015 850.00 003 GUP B-592170 1 850.00 English Books
      Non-fiction New Police Line New Police Line 04/03/2015 UBH/249/15.01.2015/190/08.12.2014/06.02.2015 850.00 003 GUP B-592156 1 850.00 English Books
      Non-fiction Patel Nagar Patel Nagar 04/03/2015 UBH/249/15.01.2015/190/08.12.2014/06.02.2015 850.00 003 GUP B-592157 1 850.00 English Books
      Non-fiction Peshwa Road Peshwa Road 04/03/2015 UBH/249/15.01.2015/190/08.12.2014/06.02.2015 850.00 003 GUP B-592159 1 850.00 English Books
      Non-fiction R.C.Libraries (zls) R.C.Libraries (zls) 04/03/2015 UBH/249/15.01.2015/190/08.12.2014/06.02.2015 850.00 003 GUP B-592173 1 850.00 English Books
      Non-fiction Sarojini Nagar Sarojini Nagar 04/03/2015 UBH/249/15.01.2015/190/08.12.2014/06.02.2015 850.00 003 GUP B-592164 1 850.00 English Books
      Non-fiction Sarojini Nagar Sarojini Nagar 04/03/2015 UBH/249/15.01.2015/190/08.12.2014/06.02.2015 850.00 003 GUP B-592167 1 850.00 English Books
      Non-fiction Shahdara Branch Shahdara Branch 04/03/2015 UBH/249/15.01.2015/190/08.12.2014/06.02.2015 850.00 003 GUP B-592172 1 850.00 English Books
      Non-fiction Sriniwas Puri Sriniwas Puri 04/03/2015 UBH/249/15.01.2015/190/08.12.2014/06.02.2015 850.00 003 GUP B-592166 1 850.00 English Books
      Non-fiction Tri Nagar Tri Nagar 04/03/2015 UBH/249/15.01.2015/190/08.12.2014/06.02.2015 850.00 003 GUP B-592160 1 850.00 English Books
      Non-fiction Vinoba Puri Vinoba Puri 04/03/2015 UBH/249/15.01.2015/190/08.12.2014/06.02.2015 850.00 003 GUP B-592168 1 850.00 English Books

© Delhi Public Library
Hit Counter
free hit counter